| 000 | 00724nam a2200133Ia 4500 | ||
|---|---|---|---|
| 008 | 171212s9999 xx 000 0 und d | ||
| 020 | _a9780833041227 | ||
| 100 | _aRabasa, Angel;Benard, Cheryl;Schwartz, Lowell H.;Sickle, Peter;Cheryl Benard, ;Lowell H. Schwartz, ;Peter Sickle, | ||
| 245 |
_cRabasa, Angel;Benard, Cheryl;Schwartz, Lowell H.;Sickle, Peter;Cheryl Benard, ;Lowell H. Schwartz, ;Peter Sickle, _aBuilding Moderate Muslim Networks |
||
| 260 |
_bRAND Corporation _c2007 |
||
| 650 | _aIslam -- 21st century; Islamic fundamentalism; Islamic countries -- Relations -- United States; United States -- Relations -- Islamic countries | ||
| 650 | _aPolitical Science | ||
| 856 | _uwww.jstor.org/stable/10.7249/mg574srf | ||
| 999 |
_c351816 _d351816 |
||